| 000 | 01012cas a22002535a 4500 | ||
|---|---|---|---|
| 001 | L137222 | ||
| 008 | 100920c2010 xxkfr ws ss 0 a0eng u | ||
| 035 | _a(Sirsi) u137222 | ||
| 041 | 0 | _aeng | |
| 050 | _a333.33 $2 18 | ||
| 110 | 2 |
_aCB Richard Ellis _93675 |
|
| 245 | 0 | 0 |
_aMarketView _bScottish offices _h[electronic resource] |
| 260 |
_aLondon _bCBRE _c2010- |
||
| 362 | 0 | _aCurrent half year issue only | |
| 490 | 0 | _aMarketView Scotttish Offices | |
| 520 | _aProvides an overview of and key statistics for the Edinburgh, Glasgow and Aberdeen office markets covering demand and supply, prime rents and yields. | ||
| 554 | _aTwo per year | ||
| 650 | 2 | 4 | _aMARKETVIEW SCOTTISH OFFICES |
| 651 | 4 |
_aScotland _y1999- |
|
| 690 | _aPROPERTY-COMMERCIAL PROPERTY-OFFICE PROPERTY-OFFICE PROPERTY MARKET | ||
| 690 | _aPROPERTY-COMMERCIAL PROPERTY-COMMERCIAL PROPERTY MARKET | ||
| 856 | 4 | 0 |
_uhttps://www.cbre.co.uk/portal/page/portal/uk_en/research _zView the item free of charge at www.cbre.co.uk |
| 942 | _n0 | ||
| 999 |
_c118891 _d118891 |
||